[Event "VIII Festival A"]
[Site "Amantea ITA"]
[Date "2010.09.02"]
[Round "6"]
[White "Collutiis, Duilio"]
[Black "Bentivegna, Francesco"]
[Result "1-0"]
[WhiteElo "2438"]
[BlackElo "2340"]
[PlyCount "97"]
[EventDate "2010.08.29"]

1. e4 e5 2. Nf3 Nc6 3. Bb5 a6 4. Bxc6 dxc6 5. O-O Be7 6. d3 f6 7. Be3 Bg4 8.
Nbd2 Qd7 9. Qe2 c5 10. Rfe1 O-O-O 11. a3 g5 12. Reb1 h5 13. b4 Nh6 14. bxc5 f5
15. exf5 Nxf5 16. Rb2 Nh4 17. Rab1 Bxf3 18. gxf3 Qc6 19. Ne4 Rdf8 20. Rxb7
Nxf3+ 21. Kh1 Qe6 22. Nd2 g4 23. Bf4 Rxf4 24. Rb8+ Kd7 25. Rxh8 Nxd2 26. Qxd2
Qd5+ 27. Kg1 Bxc5 28. Rf1 Qf7 29. d4 Rxd4 30. Qh6 Be7 31. Qxa6 Rd6 32. Qc8+ Kc6
33. Rb1 Bh4 34. Qe8+ Qxe8 35. Rxe8 Rd2 36. Rf1 Rxc2 37. Rxe5 Ra2 38. Rxh5 Be7
39. Ra5 Kb6 40. Ra8 c5 41. Rb1+ Kc6 42. Ra4 Rc2 43. Rxg4 c4 44. Rg6+ Kc5 45. a4
c3 46. Rb5+ Kc4 47. Rg4+ Kd3 48. Rd5+ Ke2 49. Kg2 1-0

[Event "VIII Festival A"]
[Site "Amantea ITA"]
[Date "2010.09.02"]
[Round "6"]
[White "Colucci, Pasquale"]
[Black "Hajenius, Willem"]
[Result "0-1"]
[WhiteElo "2016"]
[BlackElo "2050"]
[PlyCount "92"]
[EventDate "2010.08.29"]

1. e4 g6 2. d4 Bg7 3. Nc3 d6 4. Be3 c6 5. a4 Nd7 6. Nf3 Ngf6 7. h3 O-O 8. Be2
e5 9. O-O Qe7 10. dxe5 dxe5 11. Nd2 Rd8 12. Nb3 b6 13. Qc1 Bb7 14. Rd1 Qf8 15.
a5 c5 16. f3 Nh5 17. Bb5 Ndf6 18. Rxd8 Qxd8 19. axb6 axb6 20. Rxa8 Bxa8 21. Qd2
Qc7 22. Na4 Nf4 23. Nc1 h5 24. h4 Bb7 25. g3 Ne6 26. c3 Kh7 27. b4 cxb4 28.
Bxb6 Qc8 29. Ne2 b3 30. Qd3 Qa8 31. Nc1 g5 32. Nxb3 gxh4 33. gxh4 Bh6 34. Be3
Qg8+ 35. Kf1 Nf4 36. Bxf4 Bxf4 37. Qe2 Bc8 38. Qg2 Qd8 39. Be2 Ba6 40. Kg1 Be3+
41. Kh2 Bc8 42. f4 Bxf4+ 43. Kg1 Ng4 44. Qh3 Ne3 45. Qh1 Qg8+ 46. Kf2 Qg3# 0-1

[Event "VIII Festival A"]
[Site "Amantea ITA"]
[Date "2010.09.02"]
[Round "6"]
[White "Diaz, Linda"]
[Black "Abatino, Maurizio"]
[Result "0-1"]
[WhiteElo "2010"]
[BlackElo "2163"]
[PlyCount "84"]
[EventDate "2010.08.29"]

1. e4 e6 2. d4 d5 3. e5 c5 4. c3 Nc6 5. Bb5 Bd7 6. Ne2 Nxe5 7. Bxd7+ Nxd7 8.
O-O Ngf6 9. f4 Bd6 10. Nd2 Qc7 11. Nf3 Ne4 12. Be3 O-O 13. Rc1 b5 14. Kh1 a5
15. Qe1 c4 16. Qh4 f6 17. Nd2 Nxd2 18. Bxd2 f5 19. g4 Nf6 20. g5 Ne4 21. Be3 b4
22. Rf3 g6 23. Qe1 Rab8 24. b3 bxc3 25. Nxc3 Ba3 26. Rc2 cxb3 27. axb3 Bb4 28.
Bd2 Bxc3 29. Rcxc3 Nxc3 30. Qxe6+ Qf7 31. Qxf7+ Kxf7 32. Rxc3 Rfc8 33. Rxc8
Rxc8 34. Bxa5 Rc2 35. Kg1 Ke6 36. Bd8 Kd7 37. Bf6 Kc6 38. b4 Kb5 39. Be7 Kc4
40. b5 Kxb5 41. Bd6 Kc4 42. Be5 Kd3 0-1

[Event "VIII Festival A"]
[Site "Amantea ITA"]
[Date "2010.09.02"]
[Round "6"]
[White "Familari, Giuseppe"]
[Black "Rotelli, Pietro"]
[Result "1-0"]
[WhiteElo "1947"]
[BlackElo "1959"]
[PlyCount "79"]
[EventDate "2010.08.29"]

1. e4 c6 2. d4 d5 3. Nc3 dxe4 4. Nxe4 Bf5 5. Ng3 Bg6 6. Bc4 e6 7. N1e2 Bd6 8.
Nf4 Bxf4 9. Bxf4 Nf6 10. h4 h6 11. h5 Bh7 12. O-O O-O 13. Re1 Nd5 14. Bxd5 cxd5
15. Qg4 Kh8 16. Be5 Rg8 17. Qf4 Qd7 18. Qxh6 Nc6 19. Qd2 Nxe5 20. Rxe5 Rac8 21.
c3 f6 22. Re2 Qf7 23. Rae1 Rc6 24. Qf4 Ra6 25. a3 Re8 26. Qh4 Rb6 27. f4 f5 28.
h6 g6 29. Nf1 Bg8 30. Nh2 Qe7 31. Qg3 Kh7 32. Nf3 Kxh6 33. Kf2 Bf7 34. Rh1+ Kg7
35. Qh3 Bg8 36. Ne5 Bf7 37. Qh7+ Kf6 38. g4 fxg4 39. Nxg4+ Kf5 40. Re5+ 1-0

[Event "VIII Festival A"]
[Site "Amantea ITA"]
[Date "2010.09.02"]
[Round "6"]
[White "Forlano, Luigi"]
[Black "Santagati, Alessandro"]
[Result "0-1"]
[WhiteElo "2035"]
[BlackElo "2187"]
[PlyCount "84"]
[EventDate "2010.08.29"]

1. e4 Nc6 2. d4 d5 3. Nc3 e6 4. Nf3 Nf6 5. Bg5 Be7 6. e5 Ne4 7. Bxe7 Qxe7 8.
Bd3 Qb4 9. O-O Nxc3 10. bxc3 Qxc3 11. Rb1 b6 12. Rb3 Qa5 13. Qc1 a6 14. a4 Bd7
15. Qa3 Ne7 16. Ra1 c5 17. Be2 O-O 18. c3 Nc6 19. Rab1 Rab8 20. Qb2 h6 21. Bd1
c4 22. Rxb6 Rxb6 23. Qxb6 Rb8 24. Qxb8+ Nxb8 25. Rxb8+ Kh7 26. Bc2+ g6 27. Rb4
Qd8 28. h4 Kg7 29. g4 Qe8 30. a5 Qd8 31. Rb6 Bb5 32. g5 Qe7 33. Rd6 Qe8 34. Rb6
Ba4 35. Bxa4 Qxa4 36. Rxa6 Qa1+ 37. Kg2 h5 38. Ra8 Qxc3 39. a6 Qb2 40. Kf1 c3
41. a7 Qb7 42. Rb8 Qxa7 0-1

[Event "VIII Festival A"]
[Site "Amantea ITA"]
[Date "2010.09.02"]
[Round "6"]
[White "Gershenov, Ben"]
[Black "Milchev, Nikolay"]
[Result "0-1"]
[WhiteElo "2037"]
[BlackElo "2360"]
[PlyCount "48"]
[EventDate "2010.08.29"]

1. d4 d5 2. c4 c6 3. Nc3 Nf6 4. Nf3 dxc4 5. a4 Bf5 6. Ne5 Nbd7 7. Nxc4 Qc7 8.
g3 e5 9. dxe5 Nxe5 10. Bf4 Nfd7 11. Nxe5 Nxe5 12. Qd4 f6 13. Rc1 Qe7 14. Bxe5
Qxe5 15. Qxe5+ fxe5 16. e4 Be6 17. Be2 Bb4 18. O-O Rd8 19. Nb1 Rd4 20. Rfd1
Rxe4 21. Bf3 Rd4 22. Rxd4 exd4 23. Rd1 c5 24. Bxb7 Bb3 0-1

[Event "VIII Festival A"]
[Site "Amantea ITA"]
[Date "2010.09.02"]
[Round "6"]
[White "Grasso, Gaetano"]
[Black "Carola, Paolo"]
[Result "1-0"]
[WhiteElo "1975"]
[BlackElo "1917"]
[PlyCount "63"]
[EventDate "2010.08.29"]

1. e4 e5 2. Bc4 Nf6 3. d4 exd4 4. Nf3 d5 5. exd5 Bb4+ 6. Bd2 Qe7+ 7. Qe2 Qxe2+
8. Kxe2 Bc5 9. b4 Bb6 10. a4 a6 11. Re1 O-O 12. Kf1 Bf5 13. a5 Ba7 14. Na3 Nbd7
15. Bf4 Rac8 16. b5 Nc5 17. Nxd4 Be4 18. Bg5 Bxd5 19. Bxf6 Bxc4+ 20. Nxc4 gxf6
21. Nf5 Kh8 22. b6 cxb6 23. Ncd6 Rc6 24. Re7 b5 25. Ra3 Ne6 26. Nxf7+ Rxf7 27.
Rxf7 Rxc2 28. Rxf6 Rxf2+ 29. Ke1 Bd4 30. Rf7 Rxg2 31. Rh3 Bc3+ 32. Rxc3 1-0

[Event "VIII Festival A"]
[Site "Amantea ITA"]
[Date "2010.09.02"]
[Round "6"]
[White "Grigore, George-Gabriel"]
[Black "Drasko, Milan"]
[Result "1/2-1/2"]
[WhiteElo "2532"]
[BlackElo "2505"]
[PlyCount "71"]
[EventDate "2010.08.29"]

1. d4 e6 2. c4 Nf6 3. Nc3 Bb4 4. Qc2 O-O 5. a3 Bxc3+ 6. Qxc3 b6 7. Bg5 c5 8.
dxc5 bxc5 9. e3 Nc6 10. Bd3 Rb8 11. Ne2 h6 12. Bh4 d6 13. f4 Rb6 14. O-O a5 15.
Rad1 Nb8 16. Ng3 Nbd7 17. Nh5 Bb7 18. Bc2 Qe7 19. Ba4 g5 20. Nxf6+ Nxf6 21.
fxg5 Ne4 22. Qg7+ Kxg7 23. gxh6+ Kxh6 24. Bxe7 Rg8 25. Bb5 f5 26. Rf3 Kg6 27.
Bh4 Kf7 28. Be1 Nc3 29. Bxc3 Bxf3 30. Rd2 Ke7 31. Bxa5 Rb7 32. Bc3 e5 33. b4
Ke6 34. Kf1 Rbg7 35. g3 Rf7 36. bxc5 1/2-1/2

[Event "VIII Festival A"]
[Site "Amantea ITA"]
[Date "2010.09.02"]
[Round "6"]
[White "Isonzo, David"]
[Black "Cordi', Domenico"]
[Result "1-0"]
[WhiteElo "2357"]
[BlackElo "2047"]
[PlyCount "51"]
[EventDate "2010.08.29"]

1. e4 c5 2. Nf3 d6 3. d4 cxd4 4. Nxd4 Nf6 5. Nc3 a6 6. Be3 e5 7. Nb3 Be6 8. Qd2
Be7 9. f3 Qc7 10. g4 Nbd7 11. O-O-O h6 12. Kb1 b5 13. Nd5 Bxd5 14. exd5 Nb6 15.
Bxb6 Qxb6 16. Na5 Nd7 17. h4 Nb8 18. f4 exf4 19. Re1 Ra7 20. Bg2 O-O 21. g5
hxg5 22. hxg5 Bxg5 23. Be4 Re8 24. Qg2 Qd8 25. Reg1 g6 26. Qh3 1-0

[Event "VIII Festival A"]
[Site "Amantea ITA"]
[Date "2010.09.02"]
[Round "6"]
[White "Llaneza Vega, Patricia"]
[Black "Borsos, Bogdan"]
[Result "0-1"]
[WhiteElo "2289"]
[BlackElo "2342"]
[PlyCount "112"]
[EventDate "2010.08.29"]

1. e4 e5 2. Nc3 Nf6 3. g3 c6 4. Nf3 Bb4 5. Bg2 d6 6. d3 h6 7. O-O Nbd7 8. Ne2
Ba5 9. Nh4 g6 10. d4 Bc7 11. h3 Qe7 12. c3 Nh5 13. Be3 Ndf6 14. dxe5 dxe5 15.
Qb3 Nd7 16. Rad1 Nc5 17. Qc2 Ne6 18. Nf3 Ng5 19. h4 Nxf3+ 20. Bxf3 Nf6 21. Rfe1
Bg4 22. Bg2 Be6 23. Nc1 Ng4 24. Nb3 Nxe3 25. Rxe3 Bb6 26. Red3 h5 27. Qd2 O-O
28. Qg5 Qxg5 29. hxg5 Rad8 30. Rxd8 Rxd8 31. Rxd8+ Bxd8 32. Nc5 Bxa2 33. Nxb7
Bxg5 34. Na5 c5 35. Nc6 c4 36. Nxa7 Bc1 37. Nc6 Bxb2 38. Nb4 Bb1 39. Nd5 Kg7
40. Kf1 f5 41. exf5 gxf5 42. Ke2 Ba3 43. Kd2 Bc5 44. f4 exf4 45. Nxf4 Kh6 46.
Bf3 Bd6 47. Nxh5 Kg5 48. Ke3 Be5 49. Kd2 Bd3 50. Bd1 Be4 51. Be2 Bd5 52. Bd1
Bf7 53. Nf4 Bxf4+ 54. gxf4+ Kxf4 55. Bc2 Be6 56. Ke2 Kg3 0-1

[Event "VIII Festival A"]
[Site "Amantea ITA"]
[Date "2010.09.02"]
[Round "6"]
[White "Mladenov, Plamen"]
[Black "Ljubisavljevic, Zivojin Z."]
[Result "1-0"]
[WhiteElo "2363"]
[BlackElo "2271"]
[PlyCount "111"]
[EventDate "2010.08.29"]

1. d4 Nf6 2. Bg5 Ne4 3. Bf4 c5 4. f3 Nf6 5. dxc5 Na6 6. e4 Nxc5 7. e5 Ne6 8.
Bd2 Nd5 9. Nc3 Nxc3 10. Bxc3 g6 11. Bc4 Qc7 12. Bxe6 dxe6 13. Qd4 Bg7 14. O-O-O
Bd7 15. h4 f6 16. h5 fxe5 17. Qe3 Qb6 18. Qxb6 axb6 19. a3 O-O-O 20. Re1 Rdf8
21. h6 Bf6 22. Nh3 Bc6 23. Bxe5 Bd5 24. a4 g5 25. Nf2 Bc6 26. b3 b5 27. axb5
Bxb5 28. Ng4 Kd7 29. Re3 Bxe5 30. Rxe5 Rf5 31. Rd1+ Ke8 32. Rxe6 Kf7 33. Rde1
Re8 34. R1e5 Bd7 35. Rxf5+ Kxe6 36. Rxg5 Ra8 37. Rg7 Ra1+ 38. Kd2 Rg1 39. Ne3
Rh1 40. Rxh7 Be8 41. Rh8 Kf7 42. Ng4 Rh5 43. Ke3 Bd7 44. Kf4 Ke6 45. Rg8 Rf5+
46. Kg3 Rh5 47. f4 Bc6 48. Rg5 Rxg5 49. fxg5 Be4 50. Ne3 Ke5 51. Kg4 Bg6 52. g3
b6 53. b4 Ke6 54. c3 Kf7 55. Kf4 Bd3 56. Ng4 1-0

[Event "VIII Festival A"]
[Site "Amantea ITA"]
[Date "2010.09.02"]
[Round "6"]
[White "Rotunno, Giuseppe"]
[Black "Panarello, Giuseppe"]
[Result "1-0"]
[WhiteElo "2046"]
[BlackElo "1925"]
[PlyCount "147"]
[EventDate "2010.08.29"]

1. d4 Nf6 2. Nf3 e6 3. g3 b6 4. Bg2 Bb7 5. O-O Be7 6. c4 d6 7. Nc3 Nbd7 8. b3
O-O 9. Bb2 c5 10. e3 Qc7 11. dxc5 dxc5 12. Qc2 Rad8 13. Rad1 a6 14. Rd2 Bc6 15.
Nh4 Bxg2 16. Nxg2 Ne5 17. f4 Rxd2 18. Qxd2 Rd8 19. Qe2 Nd3 20. Ba1 Rd7 21. a3
Qd8 22. e4 Ne8 23. Ne3 Nc7 24. Ncd5 exd5 25. exd5 Nb4 26. axb4 cxb4 27. Bd4 b5
28. Qg4 Bf8 29. Bf6 Qe8 30. Nf5 g6 31. Be5 bxc4 32. bxc4 Qb8 33. Nd4 Ne8 34.
Nc6 Qb6+ 35. Bd4 Qb7 36. f5 Nd6 37. fxg6 hxg6 38. Ne5 Re7 39. Rf6 Ne8 40. Rb6
Qc7 41. Rc6 Qb7 42. Rb6 Qc7 43. Rc6 Qb7 44. c5 Bg7 45. Nf3 b3 46. Bxg7 Nxg7 47.
Qc8+ Ne8 48. Qxb7 Rxb7 49. Nd2 b2 50. Nb1 a5 51. Rc8 Kf8 52. d6 Rd7 53. Kf2 f5
54. Ke3 Kf7 55. Rc6 Ke6 56. Kd4 Nf6 57. Ra6 Nd5 58. Rxa5 Nb4 59. Rb5 Nc6+ 60.
Kc3 Ra7 61. Kxb2 Kd5 62. Nc3+ Ke6 63. Rb6 Ne5 64. Kb3 Nd3 65. Kc4 Ne5+ 66. Kb5
Ra3 67. Na4 g5 68. Rb7 Rb3+ 69. Ka6 Rxb7 70. Kxb7 Nc4 71. Kc7 Ne5 72. c6 Nf7
73. d7 Ke7 74. Nb6 1-0

[Event "VIII Festival A"]
[Site "Amantea ITA"]
[Date "2010.09.02"]
[Round "6"]
[White "Scerbo, Antonio"]
[Black "Bifulco, Michel"]
[Result "1/2-1/2"]
[WhiteElo "2116"]
[BlackElo "1952"]
[PlyCount "72"]
[EventDate "2010.08.29"]

1. d4 Nf6 2. c4 c5 3. d5 b5 4. cxb5 a6 5. bxa6 g6 6. Nc3 Bxa6 7. e4 Bxf1 8.
Kxf1 d6 9. g3 Bg7 10. Kg2 O-O 11. Nf3 Nbd7 12. h3 Ra6 13. Qe2 Qa8 14. Rd1 Nb6
15. Be3 Nfd7 16. Rd2 Na4 17. Rc1 Rb8 18. Bf4 Rb4 19. e5 dxe5 20. Nxe5 Nxc3 21.
bxc3 Rxf4 22. gxf4 Nxe5 23. fxe5 Bh6 24. Rcd1 Bxd2 25. Rxd2 Ra3 26. c4 e6 27.
Kh2 Qc8 28. d6 Qd7 29. Qe4 f5 30. exf6 Kf7 31. Qh4 h5 32. f4 e5 33. f5 Qxf5 34.
d7 Rxh3+ 35. Qxh3 Qf4+ 36. Kg1 Qxd2 1/2-1/2

[Event "VIII Festival A"]
[Site "Amantea ITA"]
[Date "2010.09.02"]
[Round "6"]
[White "Vespe, Francesco"]
[Black "Gromovs, Sergejs"]
[Result "0-1"]
[WhiteElo "1996"]
[BlackElo "2365"]
[PlyCount "92"]
[EventDate "2010.08.29"]

1. d4 Nf6 2. c4 g6 3. Nc3 Bg7 4. e4 d6 5. Nf3 O-O 6. Be2 Na6 7. Bg5 h6 8. Bh4
g5 9. Bg3 Nh5 10. h4 Nxg3 11. fxg3 g4 12. Nh2 h5 13. O-O e5 14. d5 Bh6 15. Nxg4
hxg4 16. Bxg4 f6 17. Bf5 Bxf5 18. Rxf5 Qe7 19. Qf3 Rf7 20. Rf1 Raf8 21. Nb5 c6
22. Nc3 Nc5 23. b4 Nd7 24. dxc6 bxc6 25. Qd3 Rb8 26. a3 Bg7 27. Rd1 Bf8 28. g4
Rg7 29. Qe2 a5 30. b5 d5 31. bxc6 Qc5+ 32. Kh1 Qxc6 33. Nxd5 Bxa3 34. Rdf1 Rc8
35. Nxf6+ Nxf6 36. Rxf6 Qxc4 37. Qf3 Be7 38. Rf5 a4 39. g5 a3 40. h5 a2 41. h6
Rxg5 42. h7+ Kh8 43. Rf7 Qxf1+ 44. Qxf1 Rh5+ 45. Kg1 Bc5+ 46. Rf2 Bxf2+ 0-1

[Event "VIII Festival A"]
[Site "Amantea ITA"]
[Date "2010.09.03"]
[Round "7"]
[White "Bentivegna, Francesco"]
[Black "Borsos, Bogdan"]
[Result "1/2-1/2"]
[WhiteElo "2340"]
[BlackElo "2342"]
[PlyCount "112"]
[EventDate "2010.08.29"]

1. d4 c5 2. e4 cxd4 3. Nf3 e5 4. c3 dxc3 5. Bc4 Nf6 6. Nxc3 d5 7. Nxd5 Nxd5 8.
Bxd5 Bb4+ 9. Bd2 Bxd2+ 10. Qxd2 Nd7 11. O-O O-O 12. Rfd1 Qe7 13. Bxb7 Bxb7 14.
Qxd7 Qxd7 15. Rxd7 Bxe4 16. Nxe5 Bf5 17. Rd2 a5 18. f4 Rfc8 19. Kf2 f6 20. Nf3
Rc4 21. g3 Bg4 22. Re1 Ra7 23. Re8+ Kf7 24. Red8 a4 25. Nd4 a3 26. b3 Rc1 27.
Kg2 Rd7 28. Rxd7+ Bxd7 29. Nc2 Bc6+ 30. Kf2 Rh1 31. Ke3 Kg6 32. Nxa3 Kf5 33. b4
h5 34. Nc2 Kg4 35. Nd4 Bd5 36. a4 g5 37. fxg5 fxg5 38. b5 Kh3 39. a5 Re1+ 40.
Ne2 Bg2 41. Kd4 Ra1 42. a6 Kxh2 43. Kc5 Kh1 44. Nc3 h4 45. gxh4 gxh4 46. Nd5 h3
47. b6 Ra5+ 48. Kb4 Rxd5 49. Rxd5 Bxd5 50. b7 Bxb7 51. axb7 h2 52. b8=Q Kg2 53.
Qb7+ Kg1 54. Qb6+ Kg2 55. Qc6+ Kg1 56. Qg6+ Kh1 1/2-1/2

[Event "VIII Festival A"]
[Site "Amantea ITA"]
[Date "2010.09.03"]
[Round "7"]
[White "Bifulco, Michel"]
[Black "Gershenov, Ben"]
[Result "0-1"]
[WhiteElo "1952"]
[BlackElo "2037"]
[PlyCount "72"]
[EventDate "2010.08.29"]

1. d4 Nf6 2. c4 e6 3. Nf3 Bb4+ 4. Bd2 Qe7 5. e3 b6 6. Bd3 Bb7 7. O-O Ne4 8. a3
Bxd2 9. Nbxd2 f5 10. Qc2 Nxd2 11. Nxd2 O-O 12. e4 Nc6 13. Nf3 Qf6 14. d5 Ne5
15. Nxe5 Qxe5 16. exf5 exd5 17. Rfe1 Qf4 18. g3 Qf3 19. Re3 Qh5 20. cxd5 Bxd5
21. Qxc7 Bc6 22. Qf4 Rae8 23. g4 Qh4 24. Rae1 Rxe3 25. Rxe3 Qf6 26. Qe5 Qxe5
27. Rxe5 Rf6 28. Bc4+ Kf8 29. Bd5 d6 30. Bxc6 dxe5 31. Bd5 Rd6 32. Bc4 Rd4 33.
b3 Rxg4+ 34. Kf1 Ke7 35. h3 Rh4 36. Kg2 Kf6 0-1

[Event "VIII Festival A"]
[Site "Amantea ITA"]
[Date "2010.09.03"]
[Round "7"]
[White "Carola, Paolo"]
[Black "Pelyushenko, Ivanna"]
[Result "0-1"]
[WhiteElo "1917"]
[BlackElo "1926"]
[PlyCount "44"]
[EventDate "2010.08.29"]

1. e4 e5 2. Nf3 Nc6 3. Bb5 a6 4. Bxc6 dxc6 5. O-O Nf6 6. Nxe5 Bd6 7. Nf3 Bg4 8.
h3 Bh5 9. Nc3 O-O 10. g4 Nxg4 11. hxg4 Bxg4 12. Re1 Qf6 13. Re3 Bh3 14. Ne1
Qg5+ 15. Kh1 Bg4 16. Nf3 Qh5+ 17. Kg1 Bf4 18. Rd3 Rad8 19. Nd5 cxd5 20. exd5
Rxd5 21. Rxd5 Qxd5 22. Kg2 Qh5 0-1

[Event "VIII Festival A"]
[Site "Amantea ITA"]
[Date "2010.09.03"]
[Round "7"]
[White "Colucci, Pasquale"]
[Black "Grasso, Gaetano"]
[Result "0-1"]
[WhiteElo "2016"]
[BlackElo "1975"]
[PlyCount "80"]
[EventDate "2010.08.29"]

1. e4 d5 2. exd5 Qxd5 3. Nc3 Qd6 4. d4 Nf6 5. Be2 a6 6. Bf3 Nc6 7. Nge2 Bf5 8.
Bf4 Qd7 9. h3 e6 10. O-O Bd6 11. Be3 O-O 12. Qd2 Rad8 13. Rfd1 b5 14. a3 Na5
15. b3 Qe7 16. Qc1 e5 17. Ng3 Bg6 18. Bg5 exd4 19. Nd5 Qe6 20. Re1 Be5 21. Nf4
Qd6 22. Ne4 Nxe4 23. Bxe4 Bxe4 24. Rxe4 f6 25. Bh6 f5 26. Rxe5 Qxe5 27. Nd3 Qe6
28. Bg5 Rde8 29. Qd2 Nb7 30. Re1 Qd5 31. Nf4 Rxe1+ 32. Qxe1 Qe4 33. Qc1 Re8 34.
Nd3 c5 35. f3 Qe6 36. Bf4 c4 37. bxc4 bxc4 38. Ne5 g5 39. Bxg5 Qxe5 40. Qb2 Nd6
0-1

[Event "VIII Festival A"]
[Site "Amantea ITA"]
[Date "2010.09.03"]
[Round "7"]
[White "Cordi', Domenico"]
[Black "Gromovs, Sergejs"]
[Result "0-1"]
[WhiteElo "2047"]
[BlackElo "2365"]
[PlyCount "62"]
[EventDate "2010.08.29"]

1. d4 Nf6 2. c4 e6 3. Nf3 b6 4. a3 Ba6 5. Nbd2 Bb7 6. g3 g5 7. Bg2 g4 8. Nh4
Bxg2 9. Nxg2 Nc6 10. e3 h5 11. b3 d5 12. Bb2 Bd6 13. Qc2 Qd7 14. Rc1 Nd8 15. e4
dxe4 16. Nxe4 Nxe4 17. Qxe4 c6 18. O-O f5 19. Qe3 Nf7 20. c5 Bc7 21. d5 Rh6 22.
dxc6 Qxc6 23. cxb6 Qxb6 24. Bd4 Qb7 25. Nf4 Ng5 26. f3 Bxf4 27. gxf4 Nxf3+ 28.
Rxf3 gxf3 29. Qe5 Rd8 30. Rc7 Qxb3 31. Rg7 Qd1+ 0-1

[Event "VIII Festival A"]
[Site "Amantea ITA"]
[Date "2010.09.03"]
[Round "7"]
[White "Drasko, Milan"]
[Black "Llaneza Vega, Marcos"]
[Result "0-1"]
[WhiteElo "2505"]
[BlackElo "2470"]
[PlyCount "72"]
[EventDate "2010.08.29"]

1. Nf3 Nf6 2. g3 g6 3. Bg2 Bg7 4. c4 O-O 5. O-O d5 6. d4 Nc6 7. Nbd2 Be6 8. b3
Ne4 9. e3 Nc3 10. Qe1 Nb4 11. Nb1 Ncxa2 12. Qd2 Nxc1 13. Qxb4 c5 14. Qxb7 Rb8
15. Qxa7 Nxb3 16. Ra6 dxc4 17. Rxe6 fxe6 18. Ng5 Qb6 19. Qxe7 Rbe8 20. Qd7 cxd4
21. exd4 Qxd4 22. Bc6 Qf6 23. Ne4 Qe5 24. Nbc3 Nd4 25. Ba4 Nf3+ 26. Kg2 Qh5 27.
h3 Bxc3 28. Nxc3 Nh4+ 29. gxh4 Qf3+ 30. Kg1 Qxc3 31. Qd6 Rd8 32. Qxe6+ Kh8 33.
Bb5 Rf4 34. h5 gxh5 35. Bc6 Rg8+ 36. Kh1 Rf6 0-1

[Event "VIII Festival A"]
[Site "Amantea ITA"]
[Date "2010.09.03"]
[Round "7"]
[White "Forlano, Luigi"]
[Black "Cangiano, Federico"]
[Result "1-0"]
[WhiteElo "2035"]
[BlackElo "1960"]
[PlyCount "113"]
[EventDate "2010.08.29"]

1. e4 e6 2. f4 d5 3. e5 c5 4. Nf3 Nc6 5. c3 Nh6 6. Na3 Nf5 7. d3 Be7 8. g3 O-O
9. Bg2 Rb8 10. O-O b5 11. Nc2 Bb7 12. Re1 Qb6 13. g4 Nh4 14. Nxh4 Bxh4 15. Re3
Be7 16. Rh3 f6 17. d4 fxe5 18. fxe5 c4 19. Be3 Rf7 20. a3 Rbf8 21. Qe2 a5 22.
Ne1 b4 23. axb4 axb4 24. Qc2 g6 25. Qd2 bxc3 26. bxc3 Na5 27. Rd1 Bc6 28. Nf3
Ba4 29. Re1 Qb3 30. Bh6 Rb8 31. Ng5 Bxg5 32. Bxg5 Qb2 33. Qe3 Qc2 34. Rc1 Rb1
35. Rf3 Rxc1+ 36. Qxc1 Qxc1+ 37. Bxc1 Bd1 38. Rxf7 Kxf7 39. h3 Nb3 40. Bh6 Na1
41. Kf2 Bb3 42. Bf3 Nc2 43. Bc1 Kg7 44. Ke2 Ba4 45. Bb2 Kf8 46. Kd2 Nxd4 47.
cxd4 Ke7 48. Bd1 Be8 49. g5 Kf7 50. Kc3 Ke7 51. Kb4 Bf7 52. Kc5 Kd7 53. Ba4+
Ke7 54. Bc3 Kf8 55. Kd6 Kg7 56. Bd7 h6 57. h4 1-0

[Event "VIII Festival A"]
[Site "Amantea ITA"]
[Date "2010.09.03"]
[Round "7"]
[White "Hajenius, Willem"]
[Black "Llaneza Vega, Patricia"]
[Result "0-1"]
[WhiteElo "2050"]
[BlackElo "2289"]
[PlyCount "66"]
[EventDate "2010.08.29"]

1. d4 Nf6 2. c4 g6 3. Nc3 Bg7 4. e4 d6 5. f4 c5 6. dxc5 Qa5 7. Bd2 Qxc5 8. b4
Qb6 9. Bd3 Nc6 10. a3 Ng4 11. c5 dxc5 12. Nd5 Qd8 13. b5 Nd4 14. Rc1 b6 15. Nf3
O-O 16. h3 e6 17. hxg4 exd5 18. Ne5 Re8 19. O-O f6 20. Nxg6 hxg6 21. exd5 Bb7
22. f5 g5 23. Rc3 Bxd5 24. Rf2 Qd6 25. Bb1 Re7 26. Rh3 Rae8 27. Bd3 Bf8 28. g3
Rh7 29. Rfh2 Nf3+ 30. Qxf3 Bxf3 31. Bc4+ Bd5 32. Bxd5+ Qxd5 33. Rxh7 Bg7 0-1

[Event "VIII Festival A"]
[Site "Amantea ITA"]
[Date "2010.09.03"]
[Round "7"]
[White "Ljubisavljevic, Zivojin Z."]
[Black "Rotunno, Giuseppe"]
[Result "1-0"]
[WhiteElo "2271"]
[BlackElo "2046"]
[PlyCount "97"]
[EventDate "2010.08.29"]

1. e4 d6 2. d4 Nf6 3. Nc3 g6 4. f4 Bg7 5. Nf3 O-O 6. e5 Nfd7 7. h4 c5 8. e6
fxe6 9. h5 cxd4 10. Nxd4 Nf6 11. hxg6 Nc6 12. gxh7+ Kh8 13. Nf3 e5 14. fxe5 Ng4
15. exd6 Qb6 16. Qe2 exd6 17. Bd2 Qxb2 18. Rb1 Qxc2 19. Rc1 Qb2 20. Qb5 Re8+
21. Be2 Qxb5 22. Nxb5 Nge5 23. Kf1 Rf8 24. Nxd6 Bg4 25. Bh6 Bxh6 26. Rxh6 Nf7
27. Nxf7+ Rxf7 28. Kg1 Rg7 29. Kh2 Re8 30. Bd3 Re3 31. Re1 Rxe1 32. Nxe1 Rf7
33. Kg3 Bf5 34. Bxf5 Rxf5 35. Nf3 Ne5 36. Nh4 Rf7 37. Rh5 Rg7+ 38. Kf4 Ng6+ 39.
Nxg6+ Rxg6 40. g4 Rg7 41. Ra5 b6 42. Rh5 Rf7+ 43. Ke5 Rf2 44. g5 Rxa2 45. Kf6
Rf2+ 46. Kg6 Rc2 47. Kh6 a5 48. Rh1 Rg2 49. Rd1 1-0

[Event "VIII Festival A"]
[Site "Amantea ITA"]
[Date "2010.09.03"]
[Round "7"]
[White "Luvera', Filippo"]
[Black "Diaz, Linda"]
[Result "1/2-1/2"]
[WhiteElo "1953"]
[BlackElo "2010"]
[PlyCount "53"]
[EventDate "2010.08.29"]

1. e4 c5 2. c3 d5 3. exd5 Qxd5 4. d4 Nc6 5. Nf3 Bg4 6. Be2 e6 7. O-O Nf6 8. h3
Bh5 9. Be3 cxd4 10. cxd4 Rd8 11. Nc3 Qa5 12. Qb3 Qb4 13. Rfd1 a6 14. Qxb4 Nxb4
15. Rd2 Bd6 16. a3 Nbd5 17. Rad1 Nxc3 18. bxc3 Bxa3 19. c4 O-O 20. Rb1 Rd7 21.
Ne5 Re7 22. g4 Bg6 23. Nxg6 fxg6 24. Ra2 Bd6 25. c5 Bb8 26. Rab2 Nd5 27. Bxa6
1/2-1/2

[Event "VIII Festival A"]
[Site "Amantea ITA"]
[Date "2010.09.03"]
[Round "7"]
[White "Milchev, Nikolay"]
[Black "Grigore, George-Gabriel"]
[Result "0-1"]
[WhiteElo "2360"]
[BlackElo "2532"]
[PlyCount "52"]
[EventDate "2010.08.29"]

1. Nf3 Nf6 2. c4 g6 3. Nc3 Bg7 4. e4 d6 5. d4 O-O 6. h3 Na6 7. Be3 e5 8. dxe5
dxe5 9. a3 b6 10. Qc2 Qe8 11. Be2 Nh5 12. c5 Nf4 13. Bxf4 exf4 14. Bxa6 Bxc3+
15. Qxc3 Bxa6 16. Nd2 Qe7 17. O-O-O Rad8 18. Rhe1 Rd3 19. Qc2 Rfd8 20. cxb6
cxb6 21. Nb1 f3 22. Rxd3 Bxd3 23. Qc3 fxg2 24. Nd2 Qd7 25. Qe5 Rc8+ 26. Kd1
Bc2+ 0-1

[Event "VIII Festival A"]
[Site "Amantea ITA"]
[Date "2010.09.03"]
[Round "7"]
[White "Mladenov, Plamen"]
[Black "Isonzo, David"]
[Result "1/2-1/2"]
[WhiteElo "2363"]
[BlackElo "2357"]
[PlyCount "31"]
[EventDate "2010.08.29"]

1. e4 e5 2. Nc3 Nf6 3. f4 d5 4. fxe5 Nxe4 5. Nf3 Be7 6. Qe2 Nxc3 7. dxc3 O-O 8.
Bf4 c6 9. O-O-O Na6 10. h4 Nc5 11. Nd4 Ne6 12. Nxe6 Bxe6 13. g4 Qd7 14. Rg1 f6
15. exf6 Bxf6 16. Bg5 1/2-1/2

[Event "VIII Festival A"]
[Site "Amantea ITA"]
[Date "2010.09.03"]
[Round "7"]
[White "Panarello, Giuseppe"]
[Black "Vespe, Francesco"]
[Result "1-0"]
[WhiteElo "1925"]
[BlackElo "1996"]
[PlyCount "63"]
[EventDate "2010.08.29"]

1. d4 Nf6 2. Nf3 e6 3. Bf4 b6 4. e3 Bb7 5. h3 c5 6. c3 Nc6 7. Nbd2 Be7 8. Bd3
O-O 9. O-O d5 10. Bh2 Bd6 11. Ne5 Qc7 12. f4 Rac8 13. Qe1 cxd4 14. exd4 Ne7 15.
g4 Ng6 16. g5 Nd7 17. Ndf3 Rfe8 18. Nh4 Ndf8 19. Rd1 Qe7 20. Nhxg6 hxg6 21. Ng4
f5 22. gxf6 gxf6 23. Bg3 Qg7 24. Bh4 Nh7 25. Rd2 g5 26. Bxh7+ Kxh7 27. fxg5
fxg5 28. Nf6+ Kh8 29. Rg2 Rf8 30. Rxg5 Qh6 31. Rh5 Rxf6 32. Bxf6+ 1-0